Tuluvina arader birader (Record no. 234642)
[ view plain ]
| 000 -LEADER | |
|---|---|
| fixed length control field | 00754nam a22002297a 4500 |
| 005 - DATE AND TIME OF LATEST TRANSACTION | |
| control field | 20250724140412.0 |
| 008 - FIXED-LENGTH DATA ELEMENTS--GENERAL INFORMATION | |
| fixed length control field | 250722b |||||||| |||| 00| 0 eng d |
| 020 ## - INTERNATIONAL STANDARD BOOK NUMBER | |
| International Standard Book Number | 9789392116728 |
| 040 ## - CATALOGING SOURCE | |
| Transcribing agency | AL |
| 041 ## - LANGUAGE CODE | |
| Language code of text/sound track or separate title | kan |
| 082 ## - DEWEY DECIMAL CLASSIFICATION NUMBER | |
| Classification number | 305.895487K |
| Item number | UMAT |
| 100 ## - MAIN ENTRY--PERSONAL NAME | |
| Personal name | Da Na Umanna |
| 100 ## - MAIN ENTRY--PERSONAL NAME | |
| 9 (RLIN) | 219929 |
| 100 ## - MAIN ENTRY--PERSONAL NAME | |
| Dates associated with a name | ದಾ ನ ಉಮಾಣ್ಣ |
| 9 (RLIN) | 219622 |
| 245 ## - TITLE STATEMENT | |
| Title | Tuluvina arader birader |
| Remainder of title | : ತುಳುವಿನ ಅರದೆರ್ ಬಿರದೆರ್ |
| 260 ## - PUBLICATION, DISTRIBUTION, ETC. | |
| Place of publication, distribution, etc. | Mangaluru |
| Name of publisher, distributor, etc. | Aakrithi Ashaya Publications |
| Date of publication, distribution, etc. | 2024 |
| 300 ## - PHYSICAL DESCRIPTION | |
| Extent | 139p. |
| Other physical details | PB |
| Dimensions | 21x14cm. |
| 365 ## - TRADE PRICE | |
| Source of price type code | Kannada |
| Price type code | 668 |
| Price amount | ₹180.00 |
| Currency code | ₹ |
| Unit of pricing | ₹200.00 |
| Price note | 10% |
| Price effective from | 10-07-2025 |
| 650 ## - SUBJECT ADDED ENTRY--TOPICAL TERM | |
| Topical term or geographic name entry element | Tulu Culture and Language |
| 9 (RLIN) | 219623 |
| 650 ## - SUBJECT ADDED ENTRY--TOPICAL TERM | |
| Topical term or geographic name entry element | Umanatha |
| 9 (RLIN) | 219624 |
| 650 ## - SUBJECT ADDED ENTRY--TOPICAL TERM | |
| Topical term or geographic name entry element | Munitanaya |
| 9 (RLIN) | 219634 |
| 942 ## - ADDED ENTRY ELEMENTS (KOHA) | |
| Source of classification or shelving scheme | Dewey Decimal Classification |
| Koha item type | Book |
| Withdrawn status | Lost status | Source of classification or shelving scheme | Damaged status | Not for loan | Collection code | Home library | Current library | Shelving location | Date acquired | Source of acquisition | Cost, normal purchase price | Total Checkouts | Full call number | Barcode | Date last seen | Date last checked out | Cost, replacement price | Price effective from | Koha item type |
|---|---|---|---|---|---|---|---|---|---|---|---|---|---|---|---|---|---|---|---|
| Dewey Decimal Classification | Tulu | St Aloysius Library | St Aloysius Library | Stack Section | 07/21/2025 | Aakrithi Aashaya Publications, Mangaluru-575001 | 180.00 | 1 | 305.895487K UMAT | 077747 | 07/24/2025 | 07/24/2025 | 200.00 | 07/22/2025 | Book |